000 00464nam a2200181Ia 4500
003 OSt
005 20240925163511.0
008 210210b1960 xxu||||| |||| 00| 0 eng d
040 _cAL
041 _aKannada
082 _a859/639
100 _aTA RA SU
_dತ. ರಾ.ಸು.
_9135005
245 _aChadurangada mane
_bಚದುರಂಗದ ಮನೆ
260 _aBengaluru
_b-
_c1960
690 _aKannada Fiction
_9135008
906 _a021493
942 _2ddc
_cBK
999 _c145580
_d145580